2023 Junior Eurovision Song Contest Countries Quiz - Statistics

General Stats
  • This quiz has been taken 289 times
  • The average score is 15 of 16
Answer Stats
Place Song Artist(s) Country % Correct
1 "Cœur" Zoé Clauzure France
99%
2 "Loviu" Sandra Valero Spain
99%
5 "Kvitka" (Квітка) Anastasia Dymyd Ukraine
99%
4 "Back to Life" Stand Uniqu3 United Kingdom
99%
3 "Do It My Way" Yan Girls Armenia
97%
9 "Ohne Worte" Fia Germany
97%
6 "I Just Need a Friend" Maja Krzyżewska Poland
97%
11 "Un mondo giusto" Melissa and Ranya Italy
95%
7 "Holding On to You" Sep and Jasmijn Netherlands
93%
10 "Stronger" Yulan Malta
92%
15 "Hoiame kokku" Arhanna Estonia
91%
14 "Over the Sky" Anastasia and Ranina Georgia
91%
16 "Aisling" Jessica McKean Ireland
91%
13 "Where I Belong" Júlia Machado Portugal
91%
8 "Bota ime" Viola Gjyzeli Albania
90%
12 "Kaži mi, kaži mi koj" (Кажи ми, кажи ми кој) Tamara Grujeska North Macedonia
88%
No matching quizzes found
Score Distribution
Percent of People with Each Score
Percentile by Number Answered
Your Score History
You have not taken this quiz